000 00436nam a2200181Ia 4500
001 24097
005 20260414151020.0
008 260414t2007||||xx |||||||||||||| ||spa||
041 _aESP
082 _a780.89
_bL86
100 _aLópez, José Miguel
_eAUT
245 0 _aFonoteca civican de ritmos étnicos
_b
260 _c2007
300 _a389 páginas :
_c16 cm.
650 _aABD
654 _aCAU
942 _cLIB
_dJUS
_fJUS
_2ddc
_n
999 _c24097
_d24097